000 00473nam a2200205Ia 4500
008 170918s9999 xx 000 0 und d
020 _a9781419713484
050 _bK558d 2014
100 _aKinney, Jeff
245 _aHard luck /
245 _cby Jeff Kinney.
260 _aNew York :
260 _bScholastic,
260 _c2014
300 _a217 pages :
300 _billustrations :
300 _c20cm.
300 _eDiary of a wimpy kid.
500 _a1020
999 _c344158
_d344158